| 000 | 00844nam a2200241 a 4500 | ||
|---|---|---|---|
| 001 | 000024279 | ||
| 005 | 20200930022854.0 | ||
| 008 | 110125s1997 mx r 000 | spa d | ||
| 020 | _a9686898719 | ||
| 040 |
_aDO-SdBNP _bspa _cBNPHU |
||
| 082 |
_a370.71 _bC232 |
||
| 100 | 1 |
_aCantón Arjona, Valentina _947861 |
|
| 245 | 1 | 0 |
_a1+1+1 no es igual a 3 : _buna propuesta de formación de docentes a partir del reconocimiento del particular / _cValentina Cantón Arjona. |
| 260 |
_aMéxico, D. F. : _bUniversidad Pedagógica Nacional, _c1997. |
||
| 300 |
_a173 p. ; _c22 cm. |
||
| 490 | 1 |
_aTextos _v6 |
|
| 500 | _aIncluye nota al pie de páginas | ||
| 504 | _aIncluye referencias bibliográficas | ||
| 650 | 4 |
_aFormación profesional de maestros _917397 |
|
| 650 | 4 |
_aCapacitación docente _917398 |
|
| 830 | 0 |
_aTexto; _v6 _98561 |
|
| 049 | _aBNGR | ||
| 999 |
_c23773 _d23773 |
||